Music Quiz

Random Music or Bands Quiz

New Jersey Musicians Quiz Stats

 Plays Quiz Updated Jun 20, 2014

Support Sporcle.
Go Orange.
Score 0/18 Timer 06:00
0 Plays Today
Song Singer or Band % Correct
Livin' on a PrayerBon Jovi
93.4%
Glory DaysBruce Springsteen
84.3%
My WayFrank Sinatra
77.1%
I Wanna Dance with Somebody (Who Loves Me)Whitney Houston
75.9%
I Will SurviveGloria Gaynor
73.1%
50 Ways to Leave Your LoverPaul Simon
60.4%
December, 1963 (Oh, What a Night)The Four Seasons
56.8%
Rapper's DelightThe Sugarhill Gang
42.4%
Welcome to the Black ParadeMy Chemical Romance
35.1%
Song Singer or Band % Correct
I Say a Little PrayerDionne Warwick
31.5%
O.P.P.Naughty by Nature
30.5%
18 and LifeSkid Row
29%
Run-aroundBlues Traveler
26.6%
Ready or NotFugees
25.4%
Get Down on ItKool & the Gang
24.5%
MotherDanzig
20.9%
U.N.I.T.Y.Queen Latifah
14.6%
Burnin' UpJonas Brothers
13.7%

You're not logged in!

Compare scores with friends on all Sporcle quizzes.
OR
Log In
Forgot?

From the Vault

Champions League XIs: Borussia Dortmund

by Freddie

Sports 16m
Die Schwarzgelben Elf, ja?
Remove Ads.
Support Sporcle.
Get the best of Sporcle when you Go Orange. This ad-free experience offers more features, more stats, and more fun while also helping to support Sporcle. Thank you for becoming a member.

Show Comments

Extras

Top Quizzes Today


Score Distribution

Your Account Isn't Verified!

In order to create a playlist on Sporcle, you need to verify the email address you used during registration. Go to your Sporcle Settings to finish the process.

Report this User

Report this user for behavior that violates our Community Guidelines.

Details: